| 000 | 00574nam a2200229Ia 4500 | ||
|---|---|---|---|
| 003 | OSt | ||
| 005 | 20221007074140.0 | ||
| 006 | a|||||r|||| 00| 0 | ||
| 007 | ta | ||
| 008 | 221006b |||||||| |||| 00| 0 eng d | ||
| 024 | _a7,663 | ||
| 037 | _cTextual | ||
| 040 |
_aFLL _cFLL _beng |
||
| 041 |
_2eng _aeng |
||
| 082 | _aZ2:5q, J8;L1.3 | ||
| 245 | 0 | _aCriminal court manual | |
| 250 | _a8th | ||
| 260 |
_aMadras _bMadras law journal office India _c1975 |
||
| 300 |
_a1359p _ccm. |
||
| 942 |
_hZ2:5q, J8;L1.3 _cTEXL _2CC |
||
| 999 |
_c1151337 _d1151337 |
||